| 000 | 01986cam a22003857a 4500 | ||
|---|---|---|---|
| 999 |
_c2839 _d2839 |
||
| 001 | 18697923 | ||
| 003 | OSt | ||
| 005 | 20230823143748.0 | ||
| 008 | 150713s2014 enka 000 0aeng | ||
| 010 | _a 2015410443 | ||
| 020 | _a9780194237956 | ||
| 020 | _a0194237958 | ||
| 035 | _a(OCoLC)ocn910615840 | ||
| 040 |
_aNz _beng _cZ0P _dOCLCO _dDLC _dKH8 |
||
| 042 | _alccopycat | ||
| 082 | 0 | 4 |
_a629.130 HAR _223 |
| 100 | 1 |
_aHardy-Gould, Janet, _eauthor. |
|
| 245 | 1 | 0 |
_aAmelia Earhart / _cJanet Hardy-Gould ; illustrated by Simon Gurr. |
| 264 | 1 |
_aOxford : _bOxford University Press, _c2014. |
|
| 300 |
_a66 pages : _billustrations, maps ; _c21 cm. |
||
| 336 |
_atext _btxt _2rdacontent |
||
| 337 |
_aunmediated _bn _2rdamedia |
||
| 338 |
_avolume _bnc _2rdacarrier |
||
| 490 | 1 |
_aOxford bookworms library. True stories ; _v2 |
|
| 520 | _aClassics, modern fiction, non-fiction and more. Written for secondary and adult students the Oxford Bookworms Library has seven reading levels from A1-C1 of the CEFR. I want to learn to fly, ' Amelia Earhart tells her family one evening. But it is 1920. Flying is expensive and dangerous, and most people think it is for men, not women. But nothing can stop Amelia Earhart, and she works hard to be a pilot. Soon, she is breaking records for flying further and higher than anyone before. She shows the world that anything is possible - for women and not just men. Life is always exciting for Amelia Earhart. At forty-one, she is nearly ready to slow down, but she wants to make one last important flight. | ||
| 600 | 1 | 0 |
_aEarhart, Amelia, _d1897-1937. |
| 650 | 0 |
_aWomen air pilots _zUnited States _vBiography. |
|
| 650 | 0 | _aReaders for new literates. | |
| 655 | 0 | _aReaders (Adult) | |
| 700 | 1 |
_aGurr, Simon, _eillustrator. |
|
| 830 | 0 |
_aOxford bookworms library. _pTrue stories ; _v2. |
|
| 906 |
_a7 _bcbc _ccopycat _d2 _encip _f20 _gy-gencatlg |
||
| 942 |
_2ddc _cTR |
||